Statistics for Cities With The Most Embassies

Click here to take the quiz!

General Stats

  • This quiz has been taken 72 times
  • The average score is 13 of 15

Answer Stats

EmbassiesAnswer% Correct
161Beijing
99%
146Moscow
99%
154Paris
99%
161London
97%
110Madrid
97%
146Tokyo
97%
149Berlin
96%
138Rome
93%
174Washington
87%
182Brussels
84%
134Cairo
81%
130Ottawa
78%
131New Delhi
67%
116Vienna
66%
120Pretoria
37%

Score Distribution

Percentile by Number Answered

Percent of People with Each Score

Your Score History

You have not taken this quiz